Normal view
MARC view
- DEL, AUER R. D,BUSSARD, R. W
Entry Personal Name
001 - CONTROL NUMBER
- control field: 57291
003 - CONTROL NUMBER IDENTIFIER
- control field: NUST
005 - DATE AND TIME OF LATEST TRANSACTION
- control field: 20210628201905.0
008 - FIXED-LENGTH DATA ELEMENTS
- fixed length control field: 210628|| aca||aabn | a|a d
040 ## - CATALOGING SOURCE
- Original cataloging agency: NUST
- Transcribing agency: NUST
100 ## - HEADING--PERSONAL NAME
- Personal name: DEL, AUER R. D,BUSSARD, R. W
670 ## - SOURCE DATA FOUND
- Source citation: Work cat.: (NUST): DEL, AUER R. D,BUSSARD, R. W, NUCLEAR ROCKET PROPULSION, 1958
